| 000 | 01652cam a22002054a 4500 | ||
|---|---|---|---|
| 005 | 20250605164218.0 | ||
| 008 | 250528s ||||||||||||||||||||||||d | ||
| 035 | _a20529 | ||
| 020 | _a521204518 | ||
| 040 |
_aGR-AtMCL _bgre _dGR-AtMCL _eAACR2 |
||
| 245 | 1 | _aThe Old Regime and Revolution / Cambridge Introduction to the History of Mankind: Book 7 | |
| 260 |
_bCambridge University Press, _c1976 |
||
| 300 | _a96 | ||
| 505 | 0 | _aThe Politics of Kings, Royal Zenith, The Balance of Power, Two New Powers, The Culture of Gentlemen, Eighteenth-Century Style, The Seamy Side, The Enlightment, The Enlightened Despots, Europe Overseas, The Rise of the British Empire, A Republic in America, The Great French Revolution, The Constitutional Manarchy, The Revolution Moves on, War, The Terror and the Convention, The Directory, The Consulate, Napoleon's Europe, The Year's of Thriumph, The Nation vof Shopkeepers' and the ''Spanish Ulcer'', Maintaing Mastery, Collapse, Back to the Old Regime. | |
| 520 | _aThe Politics of Kings, Royal Zenith, The Balance of Power, Two New Powers, The Culture of Gentlemen, Eighteenth-Century Style, The Seamy Side, The Enlightment, The Enlightened Despots, Europe Overseas, The Rise of the British Empire, A Republic in America, The Great French Revolution, The Constitutional Manarchy, The Revolution Moves on, War, The Terror and the Convention, The Directory, The Consulate, Napoleon's Europe, The Year's of Thriumph, The Nation vof Shopkeepers' and the ''Spanish Ulcer'', Maintaing Mastery, Collapse, Back to the Old Regime. | ||
| 700 | 1 |
_aCairns Trevor _92796 |
|
| 942 | _cBK | ||
| 999 |
_c5628 _d5628 |
||